Score 0/20 Timer 03:00
0 Plays Today
Title Answer % Correct
To Kill a ____Mockingbird
99.2%
Of ____ and MenMice
98%
____ on the Orient ExpressMurder
94.2%
The Bridges of ____ CountyMadison
90.4%
The ____ FalconMaltese
90.2%
The Green ____Mile
89.8%
____ of a GeishaMemoirs
88.4%
Go Tell It on the ____Mountain
87.8%
The Glass ____Menagerie
79.2%
Tuesdays with ____Morrie
68.5%
Title Answer % Correct
The Feminine ____Mystique
66.2%
Captain Corelli's ____Mandolin
63.8%
A Prayer for Owen ____Meany
62%
The ____ ChroniclesMartian
59.5%
Zen and the Art of Motorcycle ____Maintenance
59.2%
The Heart of the ____Matter
53.4%
The Moon Is a Harsh ____Mistress
51.8%
House of ____Mirth
37.5%
The Adventures of Augie ____March
33%
Blood ____Meridian
26.7%

Today's Daily Dose

Word Ladder
It's a Tarp!

Quick Pick
Ph- Words

Come Together.
Have Fun.
All Virtual.
We all need to come together. Play Sporcle's virtual live trivia to have fun, connect with people, and get your trivia on. Join a live hosted trivia game for your favorite pub trivia experience done virtually. If a virtual private party is more your thing, go here for details.

You're not logged in!

Compare scores with friends on all Sporcle quizzes.
OR
Log In

Sporcle TV

Today on Sporcle TV


Watch our educational content, quiz creation guides, and fun videos on Sporcle TV.

Show Comments

Extras

Top Quizzes Today


Score Distribution

Paid Content

Your Account Isn't Verified!

In order to create a playlist on Sporcle, you need to verify the email address you used during registration. Go to your Sporcle Settings to finish the process.

Report this User

Report this user for behavior that violates our Community Guidelines.

Details: